MDQL
is popping MORE tags! Check the
thread
!
Quizzes
Events
Quiz Creation
Community
Videos
Private Events
Remove Ads
Sign In
Join for FREE
Feedback
Dark Mode
Quiz Categories
Sports
Geography
Music
Movies
Television
Just For Fun
Miscellaneous
History
Literature
Language
Science
Gaming
Entertainment
Religion
Holiday
For Kids
Quiz Lab
Recent
Popular Today
Quiz Kudos Today
Editor Picks
Curator Picks
Quizzes by...
Day
Popularity
Type
Ratings
Length
Year
Community
Subscriptions
Recent Discussions
Orange Saloon
Badges
Playlists
Quests
Create
Leaderboards
Showdown
Live 5
Trivia Bingo
Activity
Puzzle Library
Sporcle Events
Private Events
Virtual Trivia
Globe League
Become a Host
Pub Owners
SporcleCon
Opinionation
Our Games
Videos
Blog
Mobile Apps
Partnerships
Remove Ads and Go Orange
Feedback
Science
Computer
Plants
Astronomy
Chemistry
Elements
Math
Animal
Physics
Anatomy
Biology
Geology
General Science
Science
Computer
Plants
Astronomy
Chemistry
Elements
Math
Animal
Physics
Anatomy
Biology
Geology
General Science
Random Quiz
Search Sporcle
×
Quiz Lab
Quiz Lab
Science
cell
Type in answers that appear in a list
Type in answers that appear in a list
Classic
Best Score? Go Orange.
Cell Bio Lecture 19 Stats
Can you name the Cell Bio Lecture 19?
By
hellcat
20m
22 Questions
2 Plays
2 Plays
2 Plays
Comments
Comments
Give Quiz Kudos
Give Quiz Kudos
-
- Ratings
hide this ad
Replay
Link that replays current quiz
Next Quiz
Link to next quiz in quiz playlist
You Got
0%
They Got
Avg Score
29%
Avg Friend Score
Upgrade to see
Score Distribution
Jump to the score distribution portion of the page
Score
0/22
Timer
20:00
0
Plays Today
hint
answer
% Correct
two target proteins for G-
protein subunits that are membrane bound enzymes
adenylyl cyclase, phospholipase C
50%
second messenger catalyzed by adenylyl cyclase
cAMP
50%
minor component of plasma membrane cytosolic surface
inositol phospholipid
50%
phospholipase C can hydrolyze
PIP2
50%
PIP2 can be hydrolyzed into these 2 molecules
IP3, DAG
50%
DAG activates
PKC
50%
IP3 induces the ER to release
calcium
50%
Calmodulin is activated when all _
_
of its binding sites are bound
4
50%
largest class of enzyme-
linked receptors, phosphorylate specific tyrosines
receptor tyrosine kinases
50%
The _
_
_
_
side of RTK forms tyrosine kinase
cytosolic
50%
small monomeric GTP binding protein which hydrolyzes GTP
Ras
50%
hint
answer
% Correct
Ras is what kind of gene?
proto-oncogene
50%
50%
cAMP exerts cellular responses mainly by activating
PKA
0%
cAMP is inactivated by hydrolysis to AMP, reaction catalyzed by
phosphodiesterase
0%
calcium binds to and activates these two things
PKC, calmodulin
0%
phohspholipase C activates this pathway
insoitol phospholipid pathway
0%
Binding of a signal molecule to enzyme-
linked receptor causes
receptor dimerization
0%
mediate rapid reconfiguration of cytoskeleton and control cell movement
enzyme-linked receptor
0%
Ligand binding eventually forms
tyrosine phosphate residues
0%
IP3/
DAG pathway and Ras pathway can be activated by the _
_
_
_
_
of tyrosine residues
autophosphorylation
0%
ultimately activates expression of genes involved in growth and development, activates MAP kinases
Ras pathway
0%
Quiz Playlist
Details
Report
Send in Message
Add To Playlist
Classic:
Type in answers that appear in a list
Last Updated: Feb 16, 2017
Quiz Scoreboard
CHALLENGE
Sign Up to Join the Scoreboard
Show All
Scores
Hide
Comments
May contain spoilers
Recently Published
Colored Red Africa Blitz
by spor1
Geography
30s
Find the 'City' Movie
by crazypaving
Movies
60s
5x2 Blitz: Bands
by SL_Kpop136
Music
30s
More to Explore
Quiz From the Vault
Featured Blog Post
14 Easter Pick-up Lines to Find Eggs With
hide this ad
You Might Also Like...
Tags
cell
Today's Top Quizzes in Science
Browse Science
hide this ad
Today's Top Quizzes in cell
Browse cell
Top Contributed Quizzes in Science
1
Glycolysis
2
Square Numbers Scrambled (1-50)
3
Vet Tech Pharmacology Drug Contraindications
4
Missing Vowel Minefield: Lanthanides
5
'C' Flowers II
6
Sorting Squares: Animals by Continent
7
Multiplication table 1-10
8
Amino Acid Groups
9
Astronomy Spelling Bee
10
3-letter Elementary Words
Explore More
Trending Topics
NBA
Kpop
Marvel
Harry Potter
Anime
Disney
Crossword
Song
NFL
Puzzle
Soccer
Pokémon
WWE
Country
The Office
hide this ad
More By:
hellcat
Quiz
Plays
Rating
Category
Featured
Created
DNA Replication
60
Science
Oct 12, 2011
The 3D Structure of Proteins
46
Science
Oct 8, 2012
Amino Acids
44
Science
Apr 24, 2012
Transcription
43
1.00
Science
Oct 13, 2011
Meiosis and Gametogenesis
35
Science
Oct 19, 2011
Go to Creator's Profile
Score Distribution
Quiz Creator Spotlight
hellcat
Follow
Send a Message
Quizzes Created
-
Created Quiz Play Count
-
More By This Creator
Popular Quizzes Today
1
Colored Red Africa Blitz
2
Find the 'City' Movie
3
Find the US States - No Outlines Minefield
4
5x2 Blitz: Bands
5
The Countries of the World
6
Find the US States
7
US States
8
9x9 Crossword: Cartoon Network
More Science Quizzes
First 10 Elements Consonants
Published
Trending Quizzes
Colored Red Europe Blitz I
Colored Red Europe Blitz II
Colored Red Africa Blitz II
Colored Red Africa Blitz III
Colored Red Europe Blitz III
Recently Updated
2024 March Madness Bracket
pecheneg
Famous TV Couples
Peacemaker
Champions League XIs: Real Madrid
pecheneg
Largest US Cities 1790-2010
pecheneg
Rides in Walt Disney World
pecheneg
Most Oscar Losses (Acting)
pecheneg
Beyoncé Albums
pecheneg
Leaping Animals
pecheneg
Reality TV Shows (A-Z)
bhenderson79
Rickey Henderson's Hall of Fame Teammates
pecheneg
Trending Topics
Harry Potter
NBA
Kpop
Marvel
Anime
Crossword
Disney
Puzzle
Pokémon
Country
NFL
The Office
Song
WWE
Soccer
Your Account Isn't Verified!
In order to create a playlist on Sporcle, you need to verify the email address you used during registration. Go to your
Sporcle Settings
to finish the process.
Report this User
Report this user for behavior that violates our
Community Guidelines
.
Details:
Send Report
Go to the Sporcle.com Mobile Site →
Comments